Проекты зданий однокомплектного, трехкомплектного училищ (калька) и сметы на их постройку

Доступно только в Электронных читальных залах Найти на картеНа карте
RUSMARC
00003882nmc2a22002533x 450
001b9c53d0e-1c3f-4fbf-98ed-ea4bb7bd4ce6
00520240217214618.0
100##$a20230317l19061906k l0rusy0189 ca
1010#$arus
102##$aRU
105##$ae###
1222#$ad
2001#$aПроекты зданий однокомплектного, трехкомплектного училищ (калька) и сметы на их постройку
$j1906 г.
215##$a16 л.
$cплан.
$d36,5х26 см
251##$cДело
300##$aАлексинский уезд, Тульская губерния
300##$aНа обложке указано: "Планы и сметы"
371##$aДокумент не является опубликованным и широко распространяемым
461#0$1001a74412a3-3cc5-4d21-8f0a-dfe2fbd9e72d
$12001
$aДепартамент народного просвещения Министерства народного просвещения (1803-1917)
$1251
$cФонд
$1852
$j733
462#0$1001eefd6294-0537-45df-8819-30374025727c
$12001
$aПроекты школьных зданий и сметы на их постройку (в связи с подготовкой введения всеобщего обучения)
$1251
$cОпись
$1852
$j233
801#0$aRU
$bРГИА
$c20230317
$gRCR
801#1$aRU
$bГлавНИВЦ
$c20230317
$2rusmarc
801#2$aRU
$bПБ им. Б.Н. Ельцина
$c20240217
$gRCR
$2rusmarc
850##$aРГИА
852##$aРГИА
$eФедеральное казенное учреждение "Российский государственный исторический архив" (РГИА)
$j541
937##$hРГИА
$d12396792
$aASBIBLIO_SCAN
035##$aRusGRCC00067553
856##$uhttp://readingroom.main.prlib.ru/item.aspx?id_node=n191060885&mode=full
Формат отображения